Estado modesto, estado moderno (Record no. 16290)

MARC details
000 -LEADER
campo de control de longitud fija 00849nam a2200265 i 4500
001 - NÚMERO DE CONTROL
campo de control 16290
003 - IDENTIFICADOR DE NÚMERO DE CONTROL
campo de control ES-MaACL
005 - FECHA Y HORA DE LA ÚLTIMA TRANSACCIÓN
campo de control 20250716063231.0
007 - CAMPO FIJO DE DESCRIPCIÓN FÍSICA--INFORMACIÓN GENERAL
campo de control de longitud fija t|
008 - DATOS DE LONGITUD FIJA--INFORMACIÓN GENERAL
campo de control de longitud fija 000825s1992 mx |||| | spa d
020 ## - NÚMERO INTERNACIONAL ESTÁNDAR DEL LIBRO
Número Internacional Estándar del Libro 968-16-3279-6
080 ## - NÚMERO DE LA CLASIFICACIÓN DECIMAL UNIVERSAL
Número de la Clasificación Decimal Universal 35(44)"1981/..."
080 ## - NÚMERO DE LA CLASIFICACIÓN DECIMAL UNIVERSAL
Número de la Clasificación Decimal Universal 32(44)"1981/..."
100 1# - ENTRADA PRINCIPAL--NOMBRE DE PERSONA
Nombre de persona Crozier, Michel,
Fechas asociadas al nombre 1922-2013
9 (RLIN) 41759
245 10 - MENCIÓN DEL TÍTULO
Título Estado modesto, estado moderno
Resto del título : estrategia para el cambio /
Mención de responsabilidad, etc. Michel Crozier.
250 ## - MENCION DE EDICION
Mención de edición 2ª ed.
260 ## - PUBLICACIÓN, DISTRIBUCIÓN, ETC.
Lugar de publicación, distribución, etc. México :
Nombre del editor, distribuidor, etc. Fondo de Cultura Económica,
Fecha de publicación, distribución, etc. 1992.
300 ## - DESCRIPCIÓN FÍSICA
Extensión 292 p. ;
Dimensiones 21 cm.
490 1# - MENCIÓN DE SERIE
Mención de serie Sección de obras de economía
650 #4 - PUNTO DE ACCESO ADICIONAL DE MATERIA--TÉRMINO DE MATERIA
Término de materia o nombre geográfico como elemento de entrada Burocracia-
Subdivisión geográfica Francia.
9 (RLIN) 168373
651 #4 - PUNTO DE ACCESO ADICIONAL DE MATERIA--NOMBRE GEOGRÁFICO
Nombre geográfico Francia-
Subdivisión general Política y gobierno-
Subdivisión cronológica 1981-1995.
9 (RLIN) 168374
830 0# - PUNTO DE ACCESO ADICIONAL DE SERIE-TÍTULO UNIFORME
Título uniforme Sección de obras de economía
9 (RLIN) 179924
852 ## - LOCALIZACIÓN
Ubicación ES-MaACL
Número de control de estantería L-23573
Holdings
Estatus retirado Estado de pérdida Estado de daño No para préstamo Biblioteca de origen Biblioteca actual Ubicación en estantería Fecha de adquisición Fuente de adquisición Total de préstamos Signatura topográfica completa Código de barras Visto por última vez Precio de reemplazo Tipo de ítem Koha
        Biblioteca del Ateneo de Madrid Biblioteca del Ateneo de Madrid Depósito 2 17/01/2008     L-23573 1016552 23/02/2023 23/02/2023 Libro impreso